En coche va una niña : (Record no. 158416)

MARC details
000 -CABECERA
campo de control de longitud fija 00705nam a2200217 u 4500
005 - FECHA Y HORA DE LA ÚLTIMA TRANSACCIÓN
campo de control 20240228063739.0
008 - ELEMENTOS DE LONGITUD FIJA--INFORMACIÓN GENERAL
campo de control de longitud fija 120823s2006 r 000 0 eng d
020 ## - NÚMERO INTERNACIONAL NORMALIZADO PARA LIBROS
Número Internacional Estándar del Libro 9507531874
035 ## - NÚMERO DE CONTROL DEL SISTEMA
Número de control de sistema UPN01000186313
049 ## - COLECCIÓN
Colección I
050 #4 - SIGNATURA TOPOGRÁFICA DE LA BIBLIOTECA DEL CONGRESO
Número de clasificación PZ74.3
Número de documento/Ítem E5.3
245 00 - MENCIÓN DE TÍTULO
Título En coche va una niña :
Resto del título poema popular /
Mención de responsabilidad, etc. selec. Ruth Kaufman y Alicia Zaina ; il. Eugenia Nobati.
260 ## - PUBLICACIÓN, DISTRIBUCIÓN, ETC.
Lugar de publicación, distribución, etc. Buenos Aires :
Nombre del editor, distribuidor, etc. Cántaro,
Fecha de publicación, distribución, etc. c2006.
300 ## - DESCRIPCIÓN FÍSICA
Extensión [22] p. :
Otras características físicas principalmente il. col
440 #0 - MENCIÓN DE SERIE/ASIENTO SECUNDARIO--TÍTULO
Título Rincón de lectura.
Nombre de parte o sección de la obra Poesía de todos
650 #4 - ASIENTO SECUNDARIO DE MATERIA - TERMINO TEMATICO
Término de materia o nombre geográfico como elemento de entrada POESIA INFANTIL ARGENTINA
9 (RLIN) 11596
650 #4 - ASIENTO SECUNDARIO DE MATERIA - TERMINO TEMATICO
Término de materia o nombre geográfico como elemento de entrada Rimas infantiles
9 (RLIN) 10247
700 1# - ASIENTO SECUNDARIO--NOMBRE DE PERSONAL
Nombre de persona Kaufman, Ruth,
Fechas asociadas al nombre 1961-
Término indicativo de función/relación comp.
9 (RLIN) 30246
905 ## - TIPO DE MATERIAL
Tipo de material Infantil
Holdings
Estado de retiro Estado de pérdida Fuente del sistema de clasificación o colocación Estado dañado No para préstamo Código de colección Localización permanente Ubicación/localización actual Ubicación en estantería Fecha de adquisición Clasificación Código de barras Fecha visto por última vez Número de copia Tipo de ítem Koha
    Library of Congress Classification     Infantil Bib. Gregorio Torres Quintero Bib. Gregorio Torres Quintero Sala infantil Planta baja 10/05/2023 PZ74.3 E5.3 320372 31/12/2020 1 Libro
    Library of Congress Classification     Infantil Bib. Gregorio Torres Quintero Bib. Gregorio Torres Quintero Sala infantil Planta baja 10/05/2023 PZ74.3 E5.3 257642 31/12/2020 1 Libro